| 000 | 00631nam a22002057a 4500 | ||
|---|---|---|---|
| 005 | 20250603172256.0 | ||
| 010 | _aENG-122525 ENG-145175 | ||
| 020 |
_a9789383166237 _c650.00 |
||
| 035 | _aEN-106057 | ||
| 035 | _aEN-128707 | ||
| 037 | _bDBAD/PUB. | ||
| 082 | _a323.60954 | ||
| 100 |
_aGupta, Dipankar _981610 |
||
| 245 |
_aFrom 'People' to 'citizen' democracy's must take road / _cby Dipankar Gupta |
||
| 260 |
_aNew Delhi _bSocial Science Press _c2017 |
||
| 270 |
_a69, Jor Bagh, _bNew Delhi _e110003 |
||
| 300 |
_a205p. _bill. _c22cm.(Hb) |
||
| 500 | _aIncludes index | ||
| 942 |
_2ddc _cEN _mGUP _h323.60954 |
||
| 999 |
_c150906 _d150906 |
||